|
|
|
|
| LEADER |
00795nab#a2200289#ar4500 |
| 001 |
000013232 |
| 003 |
SVKKK |
| 005 |
00000000000000.0 |
| 008 |
c xo e sloo |
| FMT |
|
|
|
| 038 |
|
|
|a SVKKK
|
| 040 |
|
|
|a SVKKK
|b slo
|e AACR2
|
| 041 |
0 |
|
|a slo
|
| 044 |
|
|
|a xo
|c SK
|
| 080 |
|
|
|a 061.
|2 1981
|
| 100 |
0 |
|
|a irr
|4 aut
|
| 245 |
1 |
0 |
|a Doplácame na nepozornosť :
|b Denne sedemtisíc žien na maródke
|c irr ,
|
| 650 |
0 |
4 |
|a Bezpečnosť pri práci a efektívne vykonávanie inšpekčnej činnosti na pracoviskách (seminár), Betliar (RV)
|x máj 1996
|x informácie
|
| 773 |
0 |
|
|t Lúč
|g Roč. 5, č. 121(1996), dát. 0525, s. 3
|
| 957 |
|
|
|a Betliar
|
| 958 |
|
|
|a RE
|
| 958 |
|
|
|a RV
|
| 974 |
|
|
|d 970208
|a Šá
|
| 992 |
|
|
|a RBX
|
| BAS |
|
|
|
| 852 |
|
|
|a SVKKK
|b BIB
|
| 998 |
|
|
|a REG
|